00862nam a2200217 a 4500001001000000003000500010005001700015008004100032010001100073011001100084040000900095100002900104245015200133260004100285500006000326502009100386650004600477650002800523650002300551856007000574000115168CHAP20220329144520.0181107s2018 mx a sm |||||||spa d a111629 a112601 cCHAP1 aRuiz Hernández, David.10aAnálisis del comportamiento y competitividad de la producción y comercio de la naranja en México /h[En línea]cpor David Ruiz Hernández. aChapingo, Méx. :bEl autor,c2018. aPara ver el contenido del material haga clic en la liga aTesis (Lic. en Economía) -- UACH. División de Ciencias Económico-Administrativas14aNaranjaxAspectos económicosxMéxico.14aNaranjaxExportación.14aNaranjaxMercadeo. aFinding aiduhttp://10.13.5.2/tesis/sist115168.pdfzTeclea aquí